000 00575nam a22001937a 4500
001 0
003 1
005 20220224131746.0
008 220224b xxu||||| |||| 00| 0 eng d
050 _aSB439.26.P55
_b2018
245 _aPhilippine native trees 303:
_bup close and personal
_cEditors: Edwino S. Fernando et al
260 _aQuezon City, Philippines:
_bGreen Convergence
_cc2018
300 _a512 pages:
_bill.:colored:
_c27 cm.
500 _awith bibliographic references
600 _aTrees
650 _aPhilippines
942 _2lcc
_cBK
999 _c364695
_d364695